| 000 | 01345nam a22004810a 4500 | ||
|---|---|---|---|
| 001 | UByD002168 | ||
| 003 | AR-LpoUNG | ||
| 005 | 20231112145011.0 | ||
| 008 | 231111s2017||||ag |||||||||||||||||spa d | ||
| 020 | _a9789876302654 | ||
| 040 |
_aAR-LpoUNG _bspa _eaacr |
||
| 041 | _aspa | ||
| 044 | _aag | ||
| 082 | 0 | _a417.7 228ant | |
| 100 | 1 |
_aAdelstein, Andreína _ecomp. |
|
| 245 | 1 | 0 | _aAntiedad, pansexual, fracking y otras palabras recientes del español de América y España |
| 250 | _a1ra. ed. | ||
| 260 |
_aBuenos Aires : _bUniversidad Nacional de General Sarmiento, _c2017. |
||
| 300 |
_a196 p. : _btbls., fot. |
||
| 650 | 4 | _aLINGUISTICA | |
| 650 | 4 | _aINVESTIGACION LINGUISTICA | |
| 650 | 4 | _aCAMBIO LINGUISTICO | |
| 650 | 4 | _aARGENTINA | |
| 650 | 4 | _aESPAÑA | |
| 650 | 4 | _aIDENTIDAD CULTURAL | |
| 650 | 4 | _aLENGUA ESPAÑOLA | |
| 650 | 4 | _aANALISIS HISTORICO | |
| 650 | 4 | _aAMERICA LATINA | |
| 650 | 4 | _aLEXICO | |
| 650 | 4 | _aSEMANTICA | |
| 650 | 4 | _aSINTAXIS | |
| 650 | 4 | _aTERMINOLOGIA | |
| 650 | 4 | _aETNOLINGUISTICA | |
| 653 | 0 | _aLENGUAJE | |
| 653 | _aSEMIOLOGIA | ||
| 700 | 1 |
_aFreixa, Judit _ecomp. |
|
| 700 | 1 |
_aGerding, Constanza _ecomp. |
|
| 700 | 1 |
_aLuna, Rosa _ecomp. |
|
| 700 | 1 |
_aPozzi, María _ecomp. |
|
| 700 | 1 |
_aSuárez de la Torre, Mercedes _ecomp. |
|
| 905 | _a59935 | ||
| 942 |
_cLIB _2ddc |
||
| 999 |
_c64683 _d64683 |
||